000 00676cab a2200229 4500
001 ABS54598
008 090401t1996 xxu||||| |||| 00| 0 eng d
035 _a(Sirsi) u11277
041 _aeng
100 _aHall, B.
245 _aDoE acts to lower the stakes in the great planning gamble
260 _c1996
350 _a0
490 _aProperty Week
_v54(7) 15 February 1996, 32-33(2)
520 _aOutlines principle proposals of the draft revision to DoE Circular 16/91 on planning gain.
650 _aDOE CIRCULAR 16 91
650 _aPLANNING GAIN
650 _aPLANNING OBLIGATIONS
690 _aPLANNING LAW AND PRACTICE
942 _n0
948 _c04/03/1997
999 _c7177
_d7177